00546nam a2200181Ia 450000500170000000800410001708200190005824500450007726000490012230000170017165000130018865000100020165000150021170000220022694200060024895200950025499900150034920250305005921.0240331s9999 xx 000 0 und d bMAT26402a923 0aMattakkalapu Thamizhagathil Induppanpadu aBatticaloab2nd World Hindu Conferencec2003 axix, 229 p., aHinduism aTamil aLiterature aMounaguru, Seedt cL 001040708LaWERCLbWERCLcSSCd2024-03-31l0o 923 MATp6402r2024-03-31w2024-03-31yL c4683d4683